000 00821cab a2200205 4500
001 WB2309-40
008 090401t1987 xxu||||| |||| 00| 0 eng d
035 _a(Sirsi) u27000
041 _aeng
245 _aLocation no longer sole criterion for success
260 _c1987
350 _a0
490 _aEstates Times
_vno 882, 20/2/87 p3
520 _aTraditional institutional funding has been blamed for inflexible buildings in a joint report from Trafalgar House Developments and DEGN entitled, Developing Business Success. The report maintains that flexibility, suitability to the user and high standards of construction are now just as important as location.
650 _aPROPERTY DEVELOPMENT
650 _aTENANTS REQUIREMENTS
690 _aPROPERTY LAW AND PRACTICE
942 _n0
948 _c04/03/1997
999 _c18188
_d18188